Nebezpečná Big Data? Ne, reálný a stále osvícenější svět

Dôveryhodnosť a významnosť postavenia bánk spočíva v ich predpokladanej ochrane osobných údajov a bezpečnosti dát. Využitie "veľkých" dát a dynamika rozvoja digitalizácie. Životnosť, anonymnosť a likvidácia dát.

Guardado en:
Detalles Bibliográficos
Autor principal: Doležal, Pavel
Formato: Capítulo de libro
Lenguaje:checo
Materias:
Etiquetas: Agregar Etiqueta
Sin Etiquetas, Sea el primero en etiquetar este registro!

MARC

LEADER 00000naa a2200000 4500
001 0205850
005 20231211083958.6
041 0 |a cze 
044 |a CZ 
245 1 0 |a Nebezpečná Big Data? Ne, reálný a stále osvícenější svět  |c Pavel Doležal 
520 |a Dôveryhodnosť a významnosť postavenia bánk spočíva v ich predpokladanej ochrane osobných údajov a bezpečnosti dát. Využitie "veľkých" dát a dynamika rozvoja digitalizácie. Životnosť, anonymnosť a likvidácia dát. 
610 2 0 |a technológie informačné 
610 2 0 |a technológie komunikačné 
610 2 0 |a bezpečnosť informačná 
610 2 0 |a dáta 
610 2 0 |a archívy 
610 2 0 |a digitalizácia 
610 2 0 |a bankovníctvo 
610 2 0 |a banky 
100 1 |a Doležal, Pavel